| 000 | 00565nam a22002057a 4500 | ||
|---|---|---|---|
| 005 | 20220716100703.0 | ||
| 008 | 220716b ||||| |||| 00| 0 eng d | ||
| 020 | _a8175052037 | ||
| 040 | _cAL | ||
| 041 | _aEnglish | ||
| 082 |
_223 _a294.5 _bRANS |
||
| 100 |
_aSwami Ranganathananda _950289 |
||
| 245 | _aSpiritual Lifeof the Householder | ||
| 260 |
_aCalcutta _bAdvaita Ashrama |
||
| 300 |
_a56 p. _bPB _c21x13.5 cm. |
||
| 365 |
_b₹16.00 _c₹ _d₹16.00 |
||
| 650 |
_aSpiritual Life _950290 |
||
| 700 |
_aRANGANATHANANDA (Swami) _950291 |
||
| 942 |
_2ddc _cGF |
||
| 999 |
_c223869 _d223869 |
||